The public sector and privatization in India/ (Record no. 751402)

MARC details
000 -LEADER
fixed length control field 00370nam a22001337a 4500
020 ## - INTERNATIONAL STANDARD BOOK NUMBER
ISBN 9789363367593
082 ## - DEWEY DECIMAL CLASSIFICATION NUMBER
Classification number 338.74 DUB/P
100 ## - MAIN ENTRY--AUTHOR NAME
Personal name Dubey,Sheela
245 ## - TITLE STATEMENT
Title The public sector and privatization in India/
Statement of responsibility, etc by Sheela Dubey
260 ## - PUBLICATION, DISTRIBUTION, ETC. (IMPRINT)
Place of publication . -New Delhi
Name of publisher : Speaking Tiger Books
Year of publication , 2024
300 ## - PHYSICAL DESCRIPTION
Number of Pages 271 pages
942 ## - ADDED ENTRY ELEMENTS (KOHA)
Source of classification or shelving scheme Dewey Decimal Classification
Koha item type Book
Holdings
Withdrawn status Lost status Source of classification or shelving scheme Damaged status Not for loan Home Library Current Location Date acquired Full call number Accession Number Price effective from Koha item type
    Dewey Decimal Classification     Dept. of Political Science Dept. of Political Science 03/03/2025 338.74 DUB/P POL23778 16/09/2025 Book